Statistics for The Norm

Click here to take the quiz!

General Stats

  • This quiz has been taken 4 times
  • The average score is 4 of 16

Answer Stats

Answer% Correct
Norman Bates
100%
Norm Peterson
75%
Norman Rockwell
50%
Greg Norman
25%
Norman Cook
25%
Norman Gunston
25%
Norman Jewison
25%
Norman Mailer
25%
Norman Stanley Fletcher
25%
Chris Norman
0%
Norman Island
0%
Norman Lindsay
0%
Norman Tebbit
0%
Norman Wisdom
0%
Normie Rowe
0%
Norm of the North
0%

Score Distribution

Percentile by Number Answered

Percent of People with Each Score

Your Score History

You have not taken this quiz